The Six uninhabited communes in France - Statistics

General Stats
  • This quiz has been taken 19 times
  • The average score is 3 of 6
Answers on the Grid
Answers color-coded by a green-red scale on the quiz's grid according to % correct below.
Beaujeu-Saint-Vallier-Pierrejux-et-Quitteu
Beaumont-en-Verdunois
Bezonvaux
Bocognano
Castelmoron-d'Albret
Cumières-le-Mort-Homme
Ersa
Fleury-devant-Douaumont
Haumont-près-Samogneux
La Bâtie-des-Fonds
Leménil-Mitry
Louvemont-Côte-du-Poivre
Mittelhausbergen
Oches
Rochefourchat
Vitry-en-Charollais
 
Answer Stats
Answer % Correct
Beaumont-en-Verdunois
60%
Bezonvaux
60%
Fleury-devant-Douaumont
40%
Louvemont-Côte-du-Poivre
40%
Cumières-le-Mort-Homme
30%
Haumont-près-Samogneux
30%
No matching quizzes found
Score Distribution
Percent of People with Each Score
Percentile by Number Answered
Your Score History
You have not taken this quiz